000
00179 a2200097 4500
020
_a
9780736909457
041
_a
eng
100
_a
Heagy, Ron
245
_a
Never give up
942
_c
BK
999
_c
5155
_d
5155